Catalog

Record Details

Catalog Search



Georgia Bottoms : a novel  Cover Image Book Book

Georgia Bottoms : a novel / Mark Childress.

Childress, Mark. : (author).

Summary:

Georgia Bottoms is known in her small community of Six Points, Alabama, as a beautiful, well-to-do, and devoutly Baptist Southern belle. Nobody realizes that the family fortune has long since disappeared, and a determinedly single woman like Georgia needs an alternative, and discreet, means of income. In Georgia's case it is six well-heeled lovers -- one for each day of the week, with Mondays off -- none of whom knows about the others. But when the married preacher who has been coming to call (Saturdays) decides to confess their affair in front of the whole congregation, Georgia must take drastic measures to stop him.

Record details

  • ISBN: 9780316033046
  • ISBN: 0316033049
  • Physical Description: 278 pages ; 25 cm
  • Edition: First edition.
  • Publisher: New York : Little, Brown and Co., ©2011.
Subject: Bottoms, Georgia (Fictitious character)
Women > Southern States > Fiction.
Single women > Fiction.
Man-woman relationships > Fiction.
Mothers and daughters > Fiction.
Baptists > Fiction.
City and town life > Alabama > Fiction.
Alabama > Fiction.
Genre: Humorous fiction.
Alabama Author

Available copies

  • 1 of 1 copy available at scottsboropl.

Holds

  • 0 current holds with 1 total copy.
Show Only Available Copies
Location Call Number / Copy Notes Barcode Shelving Location Status Due Date
scottsboropl F Chi 32269000874613 Adult - Fiction Available -

LDR 01356cam a2200349 a 4500
001118079
003SBPL
00520150122190223.0
008100625s2011 nyu 000 1 eng d
010 . ‡a 2010026157
020 . ‡a9780316033046 ‡q(hc)
020 . ‡a0316033049 ‡q(hc)
035 . ‡a(CONS)118079
035 . ‡a(OCoLC)548642138 ‡z(OCoLC)754957875 ‡z(OCoLC)966573785 ‡z(OCoLC)967810299 ‡z(OCoLC)973986354 ‡z(OCoLC)980534560 ‡z(OCoLC)985235870 ‡z(OCoLC)988953909 ‡z(OCoLC)993322007 ‡z(OCoLC)995489103 ‡z(OCoLC)1017874377 ‡z(OCoLC)1022713060 ‡z(OCoLC)1027997373 ‡z(OCoLC)1029809422 ‡z(OCoLC)1034876936 ‡z(OCoLC)1039518506 ‡z(OCoLC)1045701934 ‡z(OCoLC)1050292447 ‡z(OCoLC)1054973899 ‡z(OCoLC)1059115995 ‡z(OCoLC)1076506181 ‡z(OCoLC)1080804371 ‡z(OCoLC)1083375617 ‡z(OCoLC)1088700374 ‡z(OCoLC)1090860058 ‡z(OCoLC)1099602399 ‡z(OCoLC)1102239022 ‡z(OCoLC)1102457835 ‡z(OCoLC)1105962097 ‡z(OCoLC)1109986460 ‡z(OCoLC)1113874176 ‡z(OCoLC)1120219681 ‡z(OCoLC)1125357510 ‡z(OCoLC)1134420231 ‡z(OCoLC)1159807346 ‡z(OCoLC)1303791970 ‡z(OCoLC)1422171982
05000. ‡aPS3553.H486 ‡bG46 2011
08200. ‡a813/.54 ‡222
1001 . ‡aChildress, Mark. : ‡eauthor
24510. ‡aGeorgia Bottoms : ‡ba novel / ‡cMark Childress.
250 . ‡aFirst edition.
260 . ‡aNew York : ‡bLittle, Brown and Co., ‡c©2011.
300 . ‡a278 pages ; ‡c25 cm
336 . ‡atext ‡btxt ‡2rdacontent
337 . ‡aunmediated ‡bn ‡2rdamedia
338 . ‡avolume ‡bnc ‡2rdacarrier
520 . ‡aGeorgia Bottoms is known in her small community of Six Points, Alabama, as a beautiful, well-to-do, and devoutly Baptist Southern belle. Nobody realizes that the family fortune has long since disappeared, and a determinedly single woman like Georgia needs an alternative, and discreet, means of income. In Georgia's case it is six well-heeled lovers -- one for each day of the week, with Mondays off -- none of whom knows about the others. But when the married preacher who has been coming to call (Saturdays) decides to confess their affair in front of the whole congregation, Georgia must take drastic measures to stop him.
60014. ‡aBottoms, Georgia (Fictitious character)
650 0. ‡aWomen ‡zSouthern States ‡vFiction.
650 0. ‡aSingle women ‡vFiction.
650 0. ‡aMan-woman relationships ‡vFiction.
650 0. ‡aMothers and daughters ‡vFiction.
650 0. ‡aBaptists ‡vFiction.
650 0. ‡aCity and town life ‡zAlabama ‡vFiction.
651 0. ‡aAlabama ‡vFiction.
655 7. ‡aHumorous fiction. ‡2lcgft
655 7. ‡aAlabama Author
901 . ‡a118079 ‡bUnknown ‡c118079 ‡tbiblio

Additional Resources